How to develop self-confidence and influence people by public speaking / (Record no. 215915)

MARC details
000 -LEADER
fixed length control field 00585nam a22001817a 4500
005 - DATE AND TIME OF LATEST TRANSACTION
control field 20260416123822.0
010 ## - LCCN (DPL NO)
LC control number ENG-148259
020 ## - INTERNATIONAL STANDARD BOOK NUMBER
International Standard Book Number 9788194735908
Terms of availability 249.00
035 ## - SYSTEM CONTROL NUMBER
System control number EN-131791
037 ## - SOURCE OF ACQUISITION
Source of stock number/acquisition DBAD
082 ## - DEWEY DECIMAL CLASSIFICATION NUMBER
Classification number 158.1
100 ## - MAIN ENTRY--PERSONAL NAME
Personal name Carnegie, Dale
245 ## - TITLE STATEMENT
Title How to develop self-confidence and influence people by public speaking /
Statement of responsibility, etc Dale Carnegie
260 ## - PUBLICATION, DISTRIBUTION, ETC. (IMPRINT)
Place of publication, distribution, etc New Delhi
Name of publisher, distributor, etc Empty Canvas Publishers
Date of publication, distribution, etc 2016
270 ## - ADDRESS
Address 4435-36/7, First Floor, Ansari Road, Darya Ganj
City New Delhi
Postal code 110002
300 ## - PHYSICAL DESCRIPTION
Extent 231p.
Dimensions 21cm(pb)
942 ## - ADDED ENTRY ELEMENTS (KOHA)
Source of classification or shelving scheme Dewey Decimal Classification
Item type English Books
Classification part 158.1
Call number suffix CAR
Holdings
Withdrawn status Lost status Not for loan Collection code Home library Current library Date acquired Source of acquisition Cost, normal purchase price Full call number Barcode Copy number Cost, replacement price Koha item type
    Not For Loan Non-fiction D.B.Act.Division D.B.Act.Division 16/04/2026 Delivery of Books Act Division 249.00 158.1 CAR EN-131791 1 249.00 English Books

© Delhi Public Library
Hit Counter
free hit counter